{"text_format":"3","workbook":"xlsx","n_sheets":10,"sheets":["清单编制说明","清单","单位工程汇总表","分部分项工程和单价措施项目清单与计价表","总价措施项目清单与计价表","其他项目清单与计价汇总表","规费、税金项目计价表","甲供材料一览表","安全文明施工措施工作清单","定额计价程序表"],"not_rendered":{"external_links":196,"defined_names":12631},"read":"whole","date_system":"1900"}

{"sheet":"清单编制说明","index":0,"n_rows":37,"n_cols":2,"rows_kept":37,"merged":[[0,0,0,1]]}
["三台石路仁恒星园-翠前路交翠峰路迁移交通信号灯项目-专业分包"]
["序号","清单编制说明"]
["一","清单编制范围及依据"]
[1.1,"工程概况：仁恒星园-翠前路交翠峰路迁移交通信号灯"]
[1.2,"项目承包方式：劳务分包□；专业分包√；其他□。"]
[1.3,"项目承揽范围：根据珠海市公安局交通警察支队《关于三台石路（三台石北公交站）人行立体过街设施建设工程施工图审核意见的复函》珠公交（函）[2023]31号文件第二条“二、关于交通信号灯和交通技术监控方面意见...”，结合本项目实际情况，将本项目临时信号灯整体迁移至翠前北路的翠峰街口路段斑马线处，包含现状杆件和设备、新建杆件基础，具体以招标文件、设计图纸及甲方要求为准。"]
[1.4,"清单编制依据：                                                                                                                                                                                                                     （1）《建设工程工程量清单计价规范》GB50500-2013及附录；                                                                                                                                                                                                  \n（2）国家或省级、行业建设主管部门颁发的计价依据和办法；                                                                                                                    \n（3）建设工程设计文件；\n（4）与建设工程项目有关的标准、规范、技术资料；\n（5）招标文件及其补充通知、答疑纪要；\n（6）施工现场情况、工程特点及常规施工方案；                                                                                                                                                                                                                                                   \n（7）其他相关资料。"]
[1.5,"本工程量清单包括清单编制说明、工程量清单、甲供材料一览表、甲定品牌一览表、零星工程单价清单、定额计价程序表、安全文明施工措施费工作清单等，上述内容均构成合同不可分割的一部分。"]
[1.6,"清单未提及的工作内容应包含但不限于：相关规范、质量通病、招标文件、施工合同、图纸要求、现场施工条件、施工方式、配合及响应政府号召的相关工作。"]
["二","清单综合单价构成及说明"]
["2.1","清单综合单价包括完成一个约定计量单位的清单项目所需的人工费、材料费（甲供材料以外的所有材料费用）、施工机具使用费、保险费（施工人员团体意外伤害保险）、管理费、利润、措施费用（详见措施费用明细）、其他费用（详见其他费用明细）、税金（按合同清单约定税率）、作为一个有经验的承包商对项目充分了解及对风险充分估计后所需承担的风险费用。"]
["2.2","清单综合单价包含措施费用明细：安全文明施工费（其中安全措施费用不低于含税造价的1.5%）；夜间施工增加费；非夜间施工照明费；二次搬运；冬雨季施工增加费；地上、地下设施、建筑物的临时保护设施费；已完工程及设备保护费、超高施工增加费、特殊工种培训费等。"]
["2.3","清单综合单价包含其他费用明细：预算包干费、材料试验检验费（甲供材料以外的所有材料的试验检验费用）、配合费（包括甲乙双方配合及与甲方其他分包之间的配合费用）、材料保管费（包括移交给乙方施工的甲供材料）、合同约定工期内合理的赶工费用。"]
["2.4","施工作业中至移交前若发生相关水电费，结算时扣除方式：①安装水电表的，按照水电表据实扣除；②没安装水电表的，工程按合同暂定总价的0.5%先行计算扣除、工程按结算总价的0.5%予以调整，不足100元按照扣除100元计算。"]
["三","清单计价计量规则"]
[3.1,"本合同的工程量计算规则以本合同《工程量清单》中的工程量计量规则为准，未描述内容则参照《建设工程工程量清单计价规范》GB50500-2013及附录执行，如与本合同《工程量清单》中的工程量计量规则矛盾，则以本合同《工程量清单》中的工程量计量规则为准。"]
[3.2,"涉及到房屋建筑与装饰装修等工程的项目，按国家标准《房屋建筑与装饰工程计量规范》的相应项目执行；涉及到电气、给排水、消防等安装工程的项目，按照国家标准《通用安装工程计量规范》的相应项目执行；涉及到道路、室外给排水等工程的项目，按国家标准《市政工程计量规范》的相应项目执行。"]
[3.3,"本合同中以建筑面积为工程量计价的项目，为减少争议，均以项目规划许可证上载明的建筑面积为准，如需分割计算，则以《建筑工程建筑面积计算规范》GB/T 50353-2013计算规则为准。"]
[3.4,"招标范围外的定价原则：\n（1）本工程量清单中有相似清单项，按相似清单项换算后的确定价格；若本工程量清单中无相似的清单项，则套定额确定价格，具体原则如下：消耗量按《广东省房屋建筑与装饰工程综合定额（2018）》、《广东省市政工程综合定额（2018）》、《广东省通用安装工程综合定额（2018）》、《广东省园林绿化工程综合定额（2018）》；人工、材料、机械台班价格按施工当月项目所在地信息价执行（如项目所在地当月信息价缺失，可通过协商定价的方式确定人工、材料、机械台班价格），按《工程定额计价办法》取费后乘以中标下浮率。计价程序表详本清单所附《定额计价程序表》。                                                                                                                                         "]
[3.5,"由于施工错误、质量问题等引起的返工等事项，工作量不予计量。"]
[3.6,"涉及苗木类清单要求苗木成活率不低于90%、灌木成活率不低于80%，如若低于上述要求成活率，承包单位须按死亡苗木实际品种及规格发包单位含税购买价格进行赔偿，赔偿数量为低于要求成活率的死亡苗木数量。"]
[3.7,"同样工作内容的清单，清单综合单价有高低时，按照综合单价低的原则结算。"]
[3.8,"结算按实际发生的有效工程量计算，工程量必须由甲方签字确认"]
["四","清单材料管理"]
[4.1,"除甲方提供的材料设备外，一切与乙方承包范围相关的材料均由乙方负责采购或租赁，其有关费用已包括在清单综合单价内。甲方提供的材料详见《甲供材料一览表》。"]
["4.2","乙方使用甲方提供的材料，须严格控制材料损耗，甲供材料损耗率按《甲供材料一览表》中约定的损耗率控制，超出材料约定损耗所浪费的材料费用由乙方按甲方含税购买价格进行赔偿。"]
["4.3","甲方提供的钢筋施工后产生的废料，由乙方负责收集整理至甲方指定地点，由甲方负责回收,且废料不充减钢筋总供应量。"]
["4.4","由乙方负责采购或租赁的材料设备由乙方按要求负责送检，相应检验费用已包含在清单综合单价中。由乙方负责采购或租赁的材料设备须符合甲方的品牌、品质要求，进场使用前须按甲方要求，接收检查，并提供材料设备相应的合格证明材料。"]
["五","增值税说明"]
["5.1","本工程需开具增值税专用发票，税率9%，城建税、教育附加税等其他税费均已在价税分离中不含税部分综合考虑。若后期国家或地区增值税税率发生调整，则保持不含税综合单价不变，税金按政策进行相应调整（无论调增还是调减）。"]
["六","其他说明"]
[6.1,"报价前或签订本合同前，承包人已详细阅读并了解本说明、勘探报告、地下管线、施工用电、临时设施、现场情况等资料及项目所在地的政策环境和市场环境，并自行至工地现场踏勘，承包人因不了解上述资料或现场而提出的索赔将不予受理。"]
["6.2","本清单项目名称对工作内容的描述是简单性和概括性的，并非完整无缺，其它未提及的必需工序、辅助工作等均已综合考虑在本项目各综合单价中。清单中未开列或未有说明的费用，但合同约定为本工程工作内容及工程范围的，由投标单位综合考虑在已列出的清单项目中，结算时不予计算。"]
["6.3","投标人投标时除提供投标报价单外，还须提供报价组成文件作为标书的一部分，一般情况下需提供易达计价文件，如无法使用易达软件计价的情况，按《分包报价综合单价分析表》样表提供组价文件。"]
["6.4","清单综合单价包含的安全文明施工费，需施作内容详见《安全文明施工措施费工作清单》，可根据分包承包范围及内容适当调整选择。"]
["6.5","机械租赁费用按实际完成工程量以综合单价计算，施工现场可能出现窝工、降效等导致台班增加的问题由分包在投标报价时自行考虑在综合单价内，结算均不调整"]
["6.6","本项目不接受不平衡报价。"]

{"sheet":"清单","index":1,"n_rows":8,"n_cols":8,"rows_kept":8,"merged":[[0,0,0,7],[1,0,1,4],[1,5,1,7],[2,0,2,3],[2,4,2,7],[4,0,5,0],[4,1,5,1],[4,2,5,2],[4,3,5,3],[4,4,5,4],[4,5,5,5],[4,6,5,6],[4,7,5,7]]}
["三台石路仁恒星园-翠前路交翠峰路迁移交通信号灯项目-专业分包"]
["工程名称：三台石路仁恒星园-翠前路交翠峰路迁移交通信号灯项目-专业分包"]
["暂定合同价=365159.65元×0.993（总包下浮率）×（1-投标人报价下浮率）+36000"]
["序号","项目名称","项目特征描述","计量\n单位","数量","投标上限下浮率","金额","备注"]
[1,"三台石路仁恒星园-翠前路交翠峰路迁移交通信号灯工程","1、工程内容：结合三台石项目实际情况，将本项目临时信号灯整体迁移至翠前北路的翠峰街口路段斑马线处，包含现状杆件和设备、新建杆件基础，具体以工程通知单、设计图纸及甲方要求为准。\n2、计价清单与定额及争议解决办法：\n（1）采用清单计价，执行国家《建设工程工程量清单计价规范》（GB50500-2013），\n（2）《广东省房屋建筑与装饰工程综合定额（2018）》、《广东省市政工程综合定额（2018）》、《广东省通用安装工程综合定额（2018）》、《广东省绿化工程综合定额（2018）》、《广东省建设工程施工机具台班费用编制规则（2018）》，\n（3）争议解决办法以造价站或政府相关部门答疑文件为准；                             \n3、人工费：如果施工期间人工费有调整，人工价发生变化且符合省级或行业建设主管部门发布的人工费调整规定，合同当事人应按省级或行业建设主管部门或其授权的工程造价管理机构发布的人工费等文件调整合同价格；              \n4、造价调整条件、范围及调整方式按总包单位对建设单位招标文件及合同执行；\n5、取费标准：\n（1）管理费按二类地区计取，\n（2）绿色施工安全防护措施费（按系数计取的包括包括绿色施工、临时设施、安全施工和用工实名管理）：按广东省计价办法执行，以分部分项的人工费+机具费为计算基数,建筑工程为19%,安装工程为35.77%,市政道路管网工程为16.5%,市政桥涵隧道工程为 14.5%,园林绿化工程为10%，\n（3）预算包干费以分部分项人工费+机具费为计算基数,建筑工程为7%,安装工程为10%,市政工程为6%,园林绿化工程为6%，\n（4）利润以分部分项人工费+机具费为计算基数,建筑工程为20%,安装工程为20%,市政工程为15%,园林绿化工程为18%；\n（5）增值税税率：9%；如有新政策则按新政策调整；\n（6）不取费项目：工程排污费、防洪工程维护费及危险作业意外伤害保险费；\n6、审核软件：Excel表格（算量）、易达（计价）；                                           \n7、付款方式：预算审核政府相关部门未审批前，计价方式按第“2~5”点执行，政府相关部门审批后按实调整支付清单；\n8、最终结算价（含9%增值税专用发票）=财审审定结算价×0.993（总包下浮率）×(1-投标价下浮费率)；如因甲方施工要求造成发生的签证无法向政府相关部门报批，产生的无效成本由甲方支付，计价按第“2~5”点原则执行计算单价×(1-投标价下浮费率)；\n9、本次投标下浮率已综合考虑设计方案及项目移交等综合费用。","项",{"v":1,"d":"1.00"},{"v":0.045,"d":"4.50%"},{"$f":"365159.65*0.993*0.955","v":{"v":346286.37348975,"d":"346286.37"}}]
[]
[2,"预留金",{"$nulls":4},{"v":36000,"d":"36000.00"}]
[3,"合计",{"$nulls":4},{"$f":"G5+G7","v":{"v":382286.37348975,"d":"382286.37"}}]

{"sheet":"单位工程汇总表","index":2,"n_rows":28,"n_cols":6,"rows_kept":28,"merged":[[0,0,0,5],[1,1,1,3],[2,0,2,1],[2,3,2,4],[3,0,3,1],[3,3,3,4],[4,0,4,1],[4,3,4,4],[5,0,5,1],[5,3,5,4],[6,0,6,1],[6,3,6,4],[7,0,7,1],[7,3,7,4],[8,0,8,1],[8,3,8,4],[9,0,9,1],[9,3,9,4],[10,0,10,1],[10,3,10,4],[11,0,11,1],[11,3,11,4],[12,0,12,1],[12,3,12,4],[13,0,13,1],[13,3,13,4],[14,0,14,1],[14,3,14,4],[15,0,15,1],[15,3,15,4],[16,0,16,1],[16,3,16,4],[17,0,17,1],[17,3,17,4],[18,0,18,1],[18,3,18,4],[19,0,19,1],[19,3,19,4],[20,0,20,1],[20,3,20,4],[21,0,21,1],[21,3,21,4],[22,0,22,1],[22,3,22,4],[23,0,23,1],[23,3,23,4],[24,0,24,1],[24,3,24,4],[25,0,25,1],[25,3,25,4],[26,0,26,1],[26,3,26,4],[27,0,27,2],[27,3,27,4]]}
["单位工程招标控制价汇总表"]
["工程名称:","三台石路仁恒星园-翠前路交翠峰路迁移交通信号灯项目",null,null,"标段：","第1页, 共1页"]
["序号",null,"汇总内容","金额(元)",null,"其中：暂估价(元)"]
["1",null,"分部分项工程费",315796.77,null,""]
["1.1",null,"拆除部分","",null,""]
["1.2",null,"交通信号灯部分",98132.87,null,""]
["1.3",null,"雷达系统部分",40132.82,null,""]
["1.4",null,"电子警察部分",175437.65,null,""]
["2",null,"措施项目费",15014.55,null,""]
["2.1",null,"绿色施工安全防护措施费",15014.55,null,""]
["2.2",null,"其他措施项目费","",null,""]
["3",null,"其他项目费",4197.53,null,""]
["3.1",null,"暂列金额","",null,""]
["3.2",null,"暂估价","",null,""]
["3.3",null,"计日工","",null,""]
["3.4",null,"总承包服务费","",null,""]
["3.5",null,"索赔费用","",null,""]
["3.6",null,"现场签证费用","",null,""]
["3.7",null,"预算包干费",4197.53,null,""]
["3.8",null,"工程优质费","",null,""]
["3.9",null,"消纳费","",null,""]
["3.10",null,"其他费用","",null,""]
["4",null,"规费","",null,""]
["5",null,"税前工程造价",335008.85,null,""]
["6",null,"增值税销项税额",30150.8,null,""]
["7",null,"工程造价",365159.65,null,""]
["8",null,"其中：人工费",31328.27,null,""]
["招标控制价合计",null,null,365159.65,null,""]

{"sheet":"分部分项工程和单价措施项目清单与计价表","index":3,"n_rows":230,"n_cols":11,"rows_kept":230,"merged":[[0,0,0,10],[1,0,1,1],[1,2,1,7],[1,8,1,10],[2,0,4,0],[2,1,4,2],[2,3,4,3],[2,4,4,4],[2,5,4,5],[2,6,4,6],[2,7,2,10],[3,7,4,8],[3,9,4,9],[5,1,5,2],[5,7,5,8],[6,1,6,2],[6,7,6,8],[7,1,7,2],[7,7,7,8],[8,1,8,2],[8,7,8,8],[9,1,9,2],[9,7,9,8],[10,1,10,2],[10,7,10,8],[11,1,11,2],[11,7,11,8],[12,1,12,2],[12,7,12,8],[13,1,13,2],[13,7,13,8],[14,1,14,2],[14,7,14,8],[15,1,15,2],[15,7,15,8],[16,0,16,8],[17,0,17,10],[18,0,18,1],[18,2,18,7],[18,8,18,10],[19,0,21,0],[19,1,21,2],[19,3,21,3],[19,4,21,4],[19,5,21,5],[19,6,21,6],[19,7,19,10],[20,7,21,8],[20,9,21,9],[22,1,22,2],[22,7,22,8],[23,1,23,2],[23,7,23,8],[24,1,24,2],[24,7,24,8],[25,1,25,2],[25,7,25,8],[26,1,26,2],[26,7,26,8],[27,1,27,2],[27,7,27,8],[28,1,28,2],[28,7,28,8],[29,1,29,2],[29,7,29,8],[30,0,30,8],[31,0,31,10],[32,0,32,1],[32,2,32,7],[32,8,32,10],[33,0,35,0],[33,1,35,2],[33,3,35,3],[33,4,35,4],[33,5,35,5],[33,6,35,6],[33,7,33,10],[34,7,35,8],[34,9,35,9],[36,1,36,2],[36,7,36,8],[37,1,37,2],[37,7,37,8],[38,1,38,2],[38,7,38,8],[39,1,39,2],[39,7,39,8],[40,1,40,2],[40,7,40,8],[41,0,41,8],[42,0,42,10],[43,0,43,1],[43,2,43,7],[43,8,43,10],[44,0,46,0],[44,1,46,2],[44,3,46,3],[44,4,46,4],[44,5,46,5],[44,6,46,6],[44,7,44,10],[45,7,46,8],[45,9,46,9],[47,0,48,0],[47,1,48,2],[47,3,48,3],[47,4,48,4],[47,5,48,5],[47,6,48,6],[47,7,48,8],[47,9,48,9],[47,10,48,10],[49,0,49,8],[50,0,50,10],[51,0,51,1],[51,2,51,7],[51,8,51,10],[52,0,54,0],[52,1,54,2],[52,3,54,3],[52,4,54,4],[52,5,54,5],[52,6,54,6],[52,7,52,10],[53,7,54,8],[53,9,54,9],[55,1,55,2],[55,7,55,8],[56,1,56,2],[56,7,56,8],[57,1,57,2],[57,7,57,8],[58,1,58,2],[58,7,58,8],[59,1,59,2],[59,7,59,8],[60,1,60,2],[60,7,60,8],[61,1,61,2],[61,7,61,8],[62,1,62,2],[62,7,62,8],[63,0,63,8],[64,0,64,10],[65,0,65,1],[65,2,65,7],[65,8,65,10],[66,0,68,0],[66,1,68,2],[66,3,68,3],[66,4,68,4],[66,5,68,5],[66,6,68,6],[66,7,66,10],[67,7,68,8],[67,9,68,9],[69,1,69,2],[69,7,69,8],[70,1,70,2],[70,7,70,8],[71,1,71,2],[71,7,71,8],[72,1,72,2],[72,7,72,8],[73,1,73,2],[73,7,73,8],[74,1,74,2],[74,7,74,8],[75,1,75,2],[75,7,75,8],[76,0,76,8],[77,0,77,10],[78,0,78,1],[78,2,78,7],[78,8,78,10],[79,0,81,0],[79,1,81,2],[79,3,81,3],[79,4,81,4],[79,5,81,5],[79,6,81,6],[79,7,79,10],[80,7,81,8],[80,9,81,9],[82,1,82,2],[82,7,82,8],[83,1,83,2],[83,7,83,8],[84,1,84,2],[84,7,84,8],[85,1,85,2],[85,7,85,8],[86,0,86,8],[87,0,87,10],[88,0,88,1],[88,2,88,7],[88,8,88,10],[89,0,91,0],[89,1,91,2],[89,3,91,3],[89,4,91,4],[89,5,91,5],[89,6,91,6],[89,7,89,10],[90,7,91,8],[90,9,91,9],[92,0,93,0],[92,1,93,2],[92,3,93,3],[92,4,93,4],[92,5,93,5],[92,6,93,6],[92,7,93,8],[92,9,93,9],[92,10,93,10],[94,0,94,8],[95,0,95,10],[96,0,96,1],[96,2,96,7],[96,8,96,10],[97,0,99,0],[97,1,99,2],[97,3,99,3],[97,4,99,4],[97,5,99,5],[97,6,99,6],[97,7,97,10],[98,7,99,8],[98,9,99,9],[100,1,100,2],[100,7,100,8],[101,1,101,2],[101,7,101,8],[102,0,102,8],[103,0,103,10],[104,0,104,1],[104,2,104,7],[104,8,104,10],[105,0,107,0],[105,1,107,2],[105,3,107,3],[105,4,107,4],[105,5,107,5],[105,6,107,6],[105,7,105,10],[106,7,107,8],[106,9,107,9],[108,0,109,0],[108,1,109,2],[108,3,109,3],[108,4,109,4],[108,5,109,5],[108,6,109,6],[108,7,109,8],[108,9,109,9],[108,10,109,10],[110,0,110,8],[111,0,111,10],[112,0,112,1],[112,2,112,7],[112,8,112,10],[113,0,115,0],[113,1,115,2],[113,3,115,3],[113,4,115,4],[113,5,115,5],[113,6,115,6],[113,7,113,10],[114,7,115,8],[114,9,115,9],[116,1,116,2],[116,7,116,8],[117,1,117,2],[117,7,117,8],[118,0,118,8],[119,0,119,10],[120,0,120,1],[120,2,120,7],[120,8,120,10],[121,0,123,0],[121,1,123,2],[121,3,123,3],[121,4,123,4],[121,5,123,5],[121,6,123,6],[121,7,121,10],[122,7,123,8],[122,9,123,9],[124,1,124,2],[124,7,124,8],[125,0,126,0],[125,1,126,2],[125,3,126,3],[125,4,126,4],[125,5,126,5],[125,6,126,6],[125,7,126,8],[125,9,126,9],[125,10,126,10],[127,0,127,8],[128,0,128,10],[129,0,129,1],[129,2,129,7],[129,8,129,10],[130,0,132,0],[130,1,132,2],[130,3,132,3],[130,4,132,4],[130,5,132,5],[130,6,132,6],[130,7,130,10],[131,7,132,8],[131,9,132,9],[133,1,133,2],[133,7,133,8],[134,1,134,2],[134,7,134,8],[135,1,135,2],[135,7,135,8],[136,0,136,8],[137,0,137,10],[138,0,138,1],[138,2,138,7],[138,8,138,10],[139,0,141,0],[139,1,141,2],[139,3,141,3],[139,4,141,4],[139,5,141,5],[139,6,141,6],[139,7,139,10],[140,7,141,8],[140,9,141,9],[142,1,142,2],[142,7,142,8],[143,1,143,2],[143,7,143,8],[144,1,144,2],[144,7,144,8],[145,1,145,2],[145,7,145,8],[146,0,146,8],[147,0,147,10],[148,0,148,1],[148,2,148,7],[148,8,148,10],[149,0,151,0],[149,1,151,2],[149,3,151,3],[149,4,151,4],[149,5,151,5],[149,6,151,6],[149,7,149,10],[150,7,151,8],[150,9,151,9],[152,1,152,2],[152,7,152,8],[153,1,153,2],[153,7,153,8],[154,0,154,8],[155,0,155,10],[156,0,156,1],[156,2,156,7],[156,8,156,10],[157,0,159,0],[157,1,159,2],[157,3,159,3],[157,4,159,4],[157,5,159,5],[157,6,159,6],[157,7,157,10],[158,7,159,8],[158,9,159,9],[160,1,160,2],[160,7,160,8],[161,0,162,0],[161,1,162,2],[161,3,162,3],[161,4,162,4],[161,5,162,5],[161,6,162,6],[161,7,162,8],[161,9,162,9],[161,10,162,10],[163,0,163,8],[164,0,164,10],[165,0,165,1],[165,2,165,7],[165,8,165,10],[166,0,168,0],[166,1,168,2],[166,3,168,3],[166,4,168,4],[166,5,168,5],[166,6,168,6],[166,7,166,10],[167,7,168,8],[167,9,168,9],[169,1,169,2],[169,7,169,8],[170,1,170,2],[170,7,170,8],[171,1,171,2],[171,7,171,8],[172,1,172,2],[172,7,172,8],[173,0,173,8],[174,0,174,10],[175,0,175,1],[175,2,175,7],[175,8,175,10],[176,0,178,0],[176,1,178,2],[176,3,178,3],[176,4,178,4],[176,5,178,5],[176,6,178,6],[176,7,176,10],[177,7,178,8],[177,9,178,9],[179,1,179,2],[179,7,179,8],[180,1,180,2],[180,7,180,8],[181,1,181,2],[181,7,181,8],[182,1,182,2],[182,7,182,8],[183,1,183,2],[183,7,183,8],[184,1,184,2],[184,7,184,8],[185,0,185,8],[186,0,186,10],[187,0,187,1],[187,2,187,7],[187,8,187,10],[188,0,190,0],[188,1,190,2],[188,3,190,3],[188,4,190,4],[188,5,190,5],[188,6,190,6],[188,7,188,10],[189,7,190,8],[189,9,190,9],[191,1,191,2],[191,7,191,8],[192,1,192,2],[192,7,192,8],[193,1,193,2],[193,7,193,8],[194,1,194,2],[194,7,194,8],[195,0,195,8],[196,0,196,10],[197,0,197,1],[197,2,197,7],[197,8,197,10],[198,0,200,0],[198,1,200,2],[198,3,200,3],[198,4,200,4],[198,5,200,5],[198,6,200,6],[198,7,198,10],[199,7,200,8],[199,9,200,9],[201,1,201,2],[201,7,201,8],[202,1,202,2],[202,7,202,8],[203,1,203,2],[203,7,203,8],[204,1,204,2],[204,7,204,8],[205,1,205,2],[205,7,205,8],[206,1,206,2],[206,7,206,8],[207,1,207,2],[207,7,207,8],[208,1,208,2],[208,7,208,8],[209,1,209,2],[209,7,209,8],[210,0,210,8],[211,0,211,10],[212,0,212,1],[212,2,212,7],[212,8,212,10],[213,0,215,0],[213,1,215,2],[213,3,215,3],[213,4,215,4],[213,5,215,5],[213,6,215,6],[213,7,213,10],[214,7,215,8],[214,9,215,9],[216,1,216,2],[216,7,216,8],[217,1,217,2],[217,7,217,8],[218,1,218,2],[218,7,218,8],[219,1,219,2],[219,7,219,8],[220,1,220,2],[220,7,220,8],[221,1,221,2],[221,7,221,8],[222,1,222,2],[222,7,222,8],[223,1,223,2],[223,7,223,8],[224,1,224,2],[224,7,224,8],[225,1,225,2],[225,7,225,8],[226,1,226,2],[226,7,226,8],[227,1,227,2],[227,7,227,8],[228,0,228,8],[229,0,229,8]]}
["分部分项工程和单价措施项目清单与计价表"]
["工程名称:",null,"三台石路仁恒星园-翠前路交翠峰路迁移交通信号灯项目",{"$nulls":5},"第1页, 共21页"]
["序号","项目编码",null,"项目名称","项目特征描述","计量\n单位","工程量","金额(元)"]
[{"$nulls":7},"综合单价",null,"合价","其中"]
[{"$nulls":10},"暂估价"]
["","",null,"拆除部分","","","","",null,"",""]
[1,41001010001,null,"拆除悬臂式灯杆","1、租用吊车、升降车、人工及机械拆除， 汽车运输到指定位置\n2、清理基础螺栓","根",2,391.12,null,782.24,""]
[2,41001010002,null,"拆除4米人行灯杆","1、租用吊车、升降车、人工及机械拆除， 汽车运输到指定位置\n2、清理基础螺栓","根",2,59.87,null,119.74,""]
[3,40205015001,null,"拆除控制机箱","1、租用升降车、人工及机械拆除， 汽车运输到指定位置\n2、清理基础螺栓","台",1,300.51,null,300.51,""]
[4,40205014001,null,"拆除信号灯","1、租用升降车、人工及机械拆除， 汽车运输到指定位置\n2、清理基础螺栓","根",10,66.72,null,667.2,""]
[5,40801008001,null,"拆除不锈钢取电箱","人工及机械拆除， 汽车运输到指定位置","台",1,223.74,null,223.74,""]
["","",null,"交通信号灯部分","","","","",null,98132.87,""]
[6,40205014002,null,"机动车道信号灯\n安装","利旧，租用升降车、人工及机械安装","根",4,234.86,null,939.44,""]
[7,40205014003,null,"人行横道信号灯\n安装","利旧，租用升降车、人工及机械安装","根",4,133.43,null,533.72,""]
[8,30507014001,null,"倒计时器\n安装","利旧，租用升降车、人工及机械安装","个",2,385.94,null,771.88,""]
[9,30404017001,null,"取电箱安装","利旧，挖基坑500×500×1000，置放基础网笼、现浇砼0.36m3，砼保养，人工","台",1,794.71,null,794.71,""]
["本页小计",{"$nulls":8},5133.18,""]
["分部分项工程和单价措施项目清单与计价表"]
["工程名称:",null,"三台石交安工程",{"$nulls":5},"第2页, 共21页"]
["序号","项目编码",null,"项目名称","项目特征描述","计量\n单位","工程量","金额(元)"]
[{"$nulls":7},"综合单价",null,"合价","其中"]
[{"$nulls":10},"暂估价"]
["","",null,"","及机械安装","","","",null,"",""]
[10,40205003001,null,"Г-6m型悬臂式信号杆\n基础制作及安装","杆件利旧， 挖基坑1000×1000×1600,置放基础网笼、现浇砼1.6m3，砼保养，\n租用吊车、升降车、人工及机械安装","套",2,497.05,null,994.1,""]
[11,40205003002,null,"I-4m型人行道灯杆\n基础制作及安装","杆件利旧， 挖基坑500×500×1000，置放基础网笼、现浇砼0.36m3，砼保养，\n租用吊车、升降车、人工及机械安装","套",2,308.72,null,617.44,""]
[12,40205003003,null,"I-4m型人行道灯杆","八边锥体人行道灯杆Φ180/Φ120×4000，挖基坑600×600×1400，置放基础\n网笼、现浇砼0.51m3，砼保养","套",1,2698.1,null,2698.1,""]
[13,30408002001,null,"控制电缆","耐火控制电缆 NH-RVV-8*2.5","m",200,8.11,null,1622,""]
[14,30408002002,null,"控制电缆","耐火控制电缆 NH-RVV-5*2.5","m",300,7.12,null,2136,""]
[15,30411004004,null,"电源电缆","电源电缆 RVV-3×10mm2(路灯变压器至控制机)","m",100,22.2,null,2220,""]
[16,40501012001,null,"机械顶管","机械顶管， 单排Φ110PE管","m",50,140.88,null,7044,""]
["本页小计",{"$nulls":8},17331.64,""]
["分部分项工程和单价措施项目清单与计价表"]
["工程名称:",null,"三台石交安工程",{"$nulls":5},"第3页, 共21页"]
["序号","项目编码",null,"项目名称","项目特征描述","计量\n单位","工程量","金额(元)"]
[{"$nulls":7},"综合单价",null,"合价","其中"]
[{"$nulls":10},"暂估价"]
[17,31001006001,null,"开挖人行道或绿化带铺设\nPVC管","开挖截面600×400，铺设双排Φ110pvc管，回填土及恢复植被（或铺回装饰\n层）","m",76,44.21,null,3359.96,""]
[18,31001006002,null,"开挖人行道或绿化带铺设\nPVC管","开挖截面600×400，铺设单排Φ75pvc管，回填土及恢复植被","m",41,31.51,null,1291.91,""]
[19,40504001002,null,"接线井","砖砌容宽500×500×800、井口角铁框50×50×2500mm， 井口盖\n720×720×30mm砼盖、挖井坑1.17m3","座",2,1620.47,null,3240.94,""]
[20,40205015002,null,"信号灯控制机","信号灯控制机，符合珠公交函【2017】248号要求。","台",1,41001.7,null,41001.7,""]
[21,30404016001,null,"独立配电箱","1.名称：不锈钢配电箱，对信号灯、交通技术监控（含交通流量检测设备） 、备用等\n2、技术参数： 600*800*300,304不锈钢， 防护等IP65，含基础。\n3、三路分别独立供电，每一路均配可自动恢复的漏电保护开关，其它技术要求详见招标文件及施工图纸。","台",1,4326.3,null,4326.3,""]
["本页小计",{"$nulls":8},53220.81,""]
["分部分项工程和单价措施项目清单与计价表"]
["工程名称:",null,"三台石交安工程",{"$nulls":5},"第4页, 共21页"]
["序号","项目编码",null,"项目名称","项目特征描述","计量\n单位","工程量","金额(元)"]
[{"$nulls":7},"综合单价",null,"合价","其中"]
[{"$nulls":10},"暂估价"]
[22,30404019003,null,"自动重合漏电保护开关","1、名称：自动重合漏电保护开关\n2、工作电压： AC 160~AC250V；剩余电流测量范围：  0~1000mA；\n漏电保护时间：≤0.1s；突变剩余电流动作阀值：0~100mA（可调）；\n识别突变漏电电流周期： 100ms~2.0s；自动重合闸间隔时间： 5~3600s（可\n调） ；重合闸次数（含突变）： 0~10次识别突变漏电电流周期：100ms~2.0s；\n自动重合闸间隔时间：5~3600s（可调） ；重合闸次数（含突变）：0~10次（可\n调） ；具有自动重合闸功能，能有效防止交通系统因电源干扰等假性漏电导致\n误动作；可实时读取及设定电流、电压、历史记录等各项开关参数\n可配备断电跳闸功能（上一级出现断电时，开关自动跳闸， 来电时自动合","个",1,490.42,null,490.42,""]
[]
["本页小计",{"$nulls":8},490.42,""]
["分部分项工程和单价措施项目清单与计价表"]
["工程名称:",null,"三台石交安工程",{"$nulls":5},"第5页, 共21页"]
["序号","项目编码",null,"项目名称","项目特征描述","计量\n单位","工程量","金额(元)"]
[{"$nulls":7},"综合单价",null,"合价","其中"]
[{"$nulls":10},"暂估价"]
["","",null,"","闸） ；可配备通讯接口， 可实现系统组网","","","",null,"",""]
[23,40807002001,null,"信号灯调试","信号灯调试及配时","系统",1,969.77,null,969.77,""]
[24,40807003001,null,"接地装置","独立接地装置调试","系统/组",6,1848.07,null,11088.42,""]
[25,40205004001,null,"信号灯编号牌","1.名称：信号灯编号牌\n2.规格：750×1200×3mm铝合金底板，面贴3超强级反光膜及字符， 背面加固铝滑槽","块",2,996.03,null,1992.06,""]
[26,41109007001,null,"绿化赔偿","开挖绿化带赔偿给园林所或者管养单位","项",1,10000,null,10000,""]
["","",null,"雷达系统部分","","","","",null,40132.82,""]
[27,30505011002,null,"广域雷达微波检测器","1.名称：广域雷达微波检测器\n2.规格参数： 可跟踪256个自标,检测目标的即时位置、即时速度、自标分类、实时排队长度、实时区域状态，以及多断面的交通流及异常事件等检测；检测范围：8车道、350米远；同时支持正向或者侧向安装","台",2,14223.79,null,28447.58,""]
[28,31102020002,null,"雷达数据处理器","1.名称：雷达数据处理器\n2.规格参数： 实现","套",1,3674.88,null,3674.88,""]
["本页小计",{"$nulls":8},56172.71,""]
["分部分项工程和单价措施项目清单与计价表"]
["工程名称:",null,"三台石交安工程",{"$nulls":5},"第6页, 共21页"]
["序号","项目编码",null,"项目名称","项目特征描述","计量\n单位","工程量","金额(元)"]
[{"$nulls":7},"综合单价",null,"合价","其中"]
[{"$nulls":10},"暂估价"]
["","",null,"","最多四台微波检测器和信号机的连接，支持一路RJ45网络输入， 默认16通道固态继电器I/O信号输出，可扩充至最大32路， 可灵活选配增加\n至24通道或32通道。","","","",null,"",""]
[29,"粤030507021001",null,"雷达配件包","1.名称：雷达配件包\n2.配件内容： 不锈钢支架、抱箍、光缆连接盘等","个",1,512.7,null,512.7,""]
[30,30501010001,null,"光纤收发器  （单模千兆工业级）","规格、参数：10/100/100M自适应，10KM","对",2,398.81,null,797.62,""]
[31,30501012001,null,"交换机","技术参数： 工业级、千兆、5口以上","台",1,1591.3,null,1591.3,""]
[32,30411004001,null,"电源线 RVV 2*1.5mm2","技术参数： RVV 2*1.5mm2","m",100,5.11,null,511,""]
[33,30502007001,null,"4芯单模光纤","1.名称:室外单模光缆\n2.型号:4芯\n3.其他：另以上工作内容及未提及部分详见相关规范、招标文件、技术规格书及图纸","m",100,4.49,null,449,""]
[34,30502005001,null,"五类网线","1.名称:五类网线\n2.规格、参数:AWG23AVG\n3.导体直径（mm）: 0.565；\n4.其他：另以上工","m",60,3.36,null,201.6,""]
["本页小计",{"$nulls":8},4063.22,""]
["分部分项工程和单价措施项目清单与计价表"]
["工程名称:",null,"三台石交安工程",{"$nulls":5},"第7页, 共21页"]
["序号","项目编码",null,"项目名称","项目特征描述","计量\n单位","工程量","金额(元)"]
[{"$nulls":7},"综合单价",null,"合价","其中"]
[{"$nulls":10},"暂估价"]
["","",null,"","作内容及未提及部分详见相关规范、招标文件、技术规格书及图纸","","","",null,"",""]
[35,30503004001,null,"路口挂杆设备箱","规格：350mm*450mm*250mm (W*H*L)；\n超厚钢板， 超固防盗，冷轧钢材料，包含自动温控装置，空气开关等；符合\nIP65标准。并具备防雨、防尘、防潮、防热、防雷、防鼠虫、抗干扰等功能。","套",2,1973.57,null,3947.14,""]
["","",null,"电子警察部分","","","","",null,175437.65,""]
[36,30507008001,null,"环保900万高清摄像机（前\n拍）","【环保】【GMOS】【神捕系列】高清抓拍单元\n像素：900W\n分辨率：4096(H)×2160(V)\n帧率：25fps\n一般规范\n重量：5.2±0.5kg\n传感器类型：1英寸全局曝光CMOS（*2）\n尺寸：见结构尺寸图\n功耗：20W MAX\n防护等级： IP65\n工作温度： 温度-30℃~70℃\n电源：100VAC～","台",2,10388.29,null,20776.58,""]
["本页小计",{"$nulls":8},24723.72,""]
["分部分项工程和单价措施项目清单与计价表"]
["工程名称:",null,"三台石交安工程",{"$nulls":5},"第8页, 共21页"]
["序号","项目编码",null,"项目名称","项目特征描述","计量\n单位","工程量","金额(元)"]
[{"$nulls":7},"综合单价",null,"合价","其中"]
[{"$nulls":10},"暂估价"]
["","",null,"","240VAC；频率： 48Hz～52Hz\n工作湿度： 湿度5%~95%@40℃,无凝结\n摄像机参数配置功能：曝光速度、AGC控制、白平衡方式控制等接口\n镜头规格： 16mm\n触发输出： 7路F+F-输出接口,可作为补光灯同步输出控制\n通讯接口： 4个RS-485接口,1个RS-232接口,2个RJ45 10M/100M/1000M自适应以\n太网口\n抓拍功能\n图片分辨率：4096(H)×2160(V)\n图片格式： JPEG\n智能功能\n智能识别：  目标检测：机动车抓拍，非机动抓拍，行人抓拍；\n违章检测： 压线、逆行、闯红灯、不按导向行驶、违法变道、路口停止、绿灯\n停止、机占非、闯禁令（禁左、禁右、禁止大车、公交专用道）、闯绿","","","",null,"",""]
[]
["本页小计",{"$nulls":8},"",""]
["分部分项工程和单价措施项目清单与计价表"]
["工程名称:",null,"三台石交安工程",{"$nulls":5},"第9页, 共21页"]
["序号","项目编码",null,"项目名称","项目特征描述","计量\n单位","工程量","金额(元)"]
[{"$nulls":7},"综合单价",null,"合价","其中"]
[{"$nulls":10},"暂估价"]
["","",null,"","灯；\n车辆特征检测：： 陆港澳三地车牌识别、车型识别、车身颜色识别、车辆品牌\n、车辆子品牌。\n设备外形\n内部组件： 防尘、防水面板、LED补光灯\n功能特性\n压缩输出码率：32 Kbps~16 Mbps\n帧率：25fps\n支持协议： ISAPI ,GB28181，海康SDK\n视频分辨率：4096(H)×2160(V)","","","",null,"",""]
[37,30507008003,null,"环保900万高清摄像机（后\n拍）","【环保】【GMOS】【神捕系列】高清抓拍单元\n像素：900W\n分辨率：4096(H)×2160(V)\n帧率：25fps\n一般规范\n重量：5.2±0.5kg\n传感器类型：1英寸全局曝光CMOS（*2）\n尺寸：见结构尺寸图\n功耗：20W MAX\n防护等级： IP65\n工作温度： 温度-30℃~70℃","台",4,10388.29,null,41553.16,""]
["本页小计",{"$nulls":8},41553.16,""]
["分部分项工程和单价措施项目清单与计价表"]
["工程名称:",null,"三台石交安工程",{"$nulls":5},"第10页, 共21页"]
["序号","项目编码",null,"项目名称","项目特征描述","计量\n单位","工程量","金额(元)"]
[{"$nulls":7},"综合单价",null,"合价","其中"]
[{"$nulls":10},"暂估价"]
["","",null,"","电源：100VAC～240VAC；频率： 48Hz～52Hz\n工作湿度： 湿度5%~95%@40℃,无凝结\n摄像机参数配置功能：曝光速度、AGC控制、白平衡方式控制等接口\n镜头规格： 16mm\n触发输出： 7路F+F-输出接口,可作为补光灯同步输出控制\n通讯接口： 4个RS-485接口,1个RS-232接口,2个RJ45 10M/100M/1000M自适应以\n太网口\n抓拍功能\n图片分辨率：4096(H)×2160(V)\n图片格式： JPEG\n智能功能\n智能识别：  目标检测：机动车抓拍，非机动抓拍，行人抓拍；\n违章检测： 压线、逆行、闯红灯、不按导向行驶、违法变道、路口停止、绿灯\n停止、机占非、闯禁令（禁左、禁右、禁止大车、公","","","",null,"",""]
[]
["本页小计",{"$nulls":8},"",""]
["分部分项工程和单价措施项目清单与计价表"]
["工程名称:",null,"三台石交安工程",{"$nulls":5},"第11页, 共21页"]
["序号","项目编码",null,"项目名称","项目特征描述","计量\n单位","工程量","金额(元)"]
[{"$nulls":7},"综合单价",null,"合价","其中"]
[{"$nulls":10},"暂估价"]
["","",null,"","交专用道）、闯绿灯；\n车辆特征检测：： 陆港澳三地车牌识别、车型识别、车身颜色识别、车辆品牌\n、车辆子品牌。\n设备外形\n内部组件： 防尘、防水面板、LED补光灯\n功能特性\n压缩输出码率：32 Kbps~16 Mbps\n帧率：25fps\n支持协议： ISAPI ,GB28181，海康SDK\n视频分辨率：4096(H)×2160(V)","","","",null,"",""]
[38,30507008004,null,"高速球机200万像素","1.名称：高速球机200万像素\n2.规格：200万像素， 30倍光学变焦;图像传感器：1/2.8\" Progressive Scan CMOS；支\n持3D降噪、背光补偿、宽动态、强光抑制、透雾； 镜头焦距：  4.5-129mm；预置点个数： 300个； 巡航扫描：8条，每条可添加32个预置点；帧率：","台",2,3520.06,null,7040.12,""]
["本页小计",{"$nulls":8},7040.12,""]
["分部分项工程和单价措施项目清单与计价表"]
["工程名称:",null,"三台石交安工程",{"$nulls":5},"第12页, 共21页"]
["序号","项目编码",null,"项目名称","项目特征描述","计量\n单位","工程量","金额(元)"]
[{"$nulls":7},"综合单价",null,"合价","其中"]
[{"$nulls":10},"暂估价"]
["","",null,"","25fps(1920×1080)；SD卡接口：支持内置SD卡插槽，支持SD/SDHC卡。其他参\n数详见投标文件技术参数描述.","","","",null,"",""]
[39,30501004001,null,"前端存储设备","1.名称：前端存储设备\n2.规格：四代终端服务器， 高性能ARM A17四核数字媒体处理器；\n内置2块3.5寸4T硬盘；支持12路IPC接入；\n网络接口： 设备具有16个1000M以太网接口，1个内部和1个外部10/100/1000M\n自适应以太网接口，1个内部和1个外部千兆可光电切换光纤接口（需选配光模\n块）；\n其他接口： 设备具有2个RS-232接口、2个RS-485接口、1个USB3.0接口、2路报\n警输入接口、2路报警输出接口、1个音频输入接口、1个音频输出接口、1个\nUSB3.0接口；\n支持对通行车辆的","台",1,15384.34,null,15384.34,""]
[]
["本页小计",{"$nulls":8},15384.34,""]
["分部分项工程和单价措施项目清单与计价表"]
["工程名称:",null,"三台石交安工程",{"$nulls":5},"第13页, 共21页"]
["序号","项目编码",null,"项目名称","项目特征描述","计量\n单位","工程量","金额(元)"]
[{"$nulls":7},"综合单价",null,"合价","其中"]
[{"$nulls":10},"暂估价"]
["","",null,"","信息（记录和图片） 存储； 支持录像存储功能","","","",null,"",""]
[40,30412002001,null,"环保补光灯","1、名称：补光灯\n2、规格：灯珠数：16，照度：150lux@20米， 防护等级： IP66，灯珠功率5W,\n灯珠数量16颗, 发光角度10度/40度, 色温6","套",6,2205.74,null,13234.44,""]
[41,40205014004,null,"三合一环保爆闪灯","1.名称：三合一环保爆闪灯\n2.规格：采用24颗原装进口高亮度LED芯片，寿命长， 稳定性好，发光效率高\nLED频闪支持PWM跟随触发，具有频率及占空比保护功能，发光角度10°；气体\n爆闪具有防误触发功能， 提高产品寿命。可覆盖1个车道\n采用步进电机功能，实现红外滤片的切换\n气体光源回电时间小于67ms，支持超速连拍，\n气体补光控制具有峰值抑制功能\n具有电压值、电流值、故障等状态监","套",2,2389.87,null,4779.74,""]
["本页小计",{"$nulls":8},18014.18,""]
["分部分项工程和单价措施项目清单与计价表"]
["工程名称:",null,"三台石交安工程",{"$nulls":5},"第14页, 共21页"]
["序号","项目编码",null,"项目名称","项目特征描述","计量\n单位","工程量","金额(元)"]
[{"$nulls":7},"综合单价",null,"合价","其中"]
[{"$nulls":10},"暂估价"]
["","",null,"","测功能【选配】\n支持LED灯频闪、白光气体爆闪， 红外气体爆闪\n支持相机误触发保护功能，触发信号输入异常时自动保护、且自动恢复\n结构采用IP65设计， 增加透气孔， 保持内外压强均衡， 可靠防水、防尘","","","",null,"",""]
[42,30607004001,null,"信号灯检测器","1、名称：信号灯检测器\n2、规格：交通灯信号检测器，支持16路AC220V信号接入；\n6路RS485接口；","套",1,2751.73,null,2751.73,""]
[43,30503004002,null,"路口挂杆设备箱","1.名称：路口挂杆设备箱\n2.规格：350mm*450mm*250mm (W*H*L)；\n3.其他：超厚钢板，超固防盗，冷轧钢材料，包含自动温控装置，空气开关等；符合IP65标准。\n并具备防雨、防尘、防潮、防热、防雷、防鼠虫、抗干扰等功能。","套",2,1973.57,null,3947.14,""]
[44,30503004003,null,"路口落地设备箱","1.名称：路口落地设备箱","套",1,2881.5,null,2881.5,""]
["本页小计",{"$nulls":8},9580.37,""]
["分部分项工程和单价措施项目清单与计价表"]
["工程名称:",null,"三台石交安工程",{"$nulls":5},"第15页, 共21页"]
["序号","项目编码",null,"项目名称","项目特征描述","计量\n单位","工程量","金额(元)"]
[{"$nulls":7},"综合单价",null,"合价","其中"]
[{"$nulls":10},"暂估价"]
["","",null,"","2.规格：900*470*380mm(W*H*L)\n3.其他：超厚钢板， 超固防盗，冷轧钢材料，包含自动温控装置，空气开关等；符合\nIP65标准。\n并具备防雨、防尘、防潮、防热、防雷、防鼠虫、抗干扰等功能。","","","",null,"",""]
[45,30501012002,null,"路口汇聚交换机（工业级）","1、名称：路口汇聚交换机（工业级）\n2、规格：提供12个千兆SFP光口， 12个千兆电口\n所有端口支持线速交换， 64～1536帧长范围内均可达到线速\n支持9600bytes巨型帧\n工业级可靠性设计，性能稳定。64字节包， 时延≤10μs，丢包率为0，网络出\n现动荡或设备出现故障时，重启，故障恢复时间≤10s\n应用于工业控制领域\nIP30防护等级，抗冲击金属外壳。 EMC4级， 满足工业电磁兼容要求的硬","台",1,6906.92,null,6906.92,""]
["本页小计",{"$nulls":8},6906.92,""]
["分部分项工程和单价措施项目清单与计价表"]
["工程名称:",null,"三台石交安工程",{"$nulls":5},"第16页, 共21页"]
["序号","项目编码",null,"项目名称","项目特征描述","计量\n单位","工程量","金额(元)"]
[{"$nulls":7},"综合单价",null,"合价","其中"]
[{"$nulls":10},"暂估价"]
["","",null,"","件性能\n宽温工作能力（-20℃- +60℃)\n全端口6KV防雷/3KV隔离电源\n背板带宽： 48Gbps","","","",null,"",""]
[46,30501012003,null,"路口接入交换机（工业级）","1、名称：路口接入交换机（工业级）\n2、规格：提供1个千兆光口， 8个百兆电口\n所有端口支持线速交换， 64～1536帧长范围内均可达到线速\n支持9600bytes巨型帧\n工业级可靠性设计，性能稳定。64字节包， 时延≤10μs，丢包率为0，网络出\n现动荡或设备出现故障时，重启，故障恢复时间≤10s\n支持通过5类以太网线的网络摄像机和无线AP供电\n应用于工业控制领域\nIP30防护等级，抗冲击金属外壳。 EMC4级， 满足工业电磁兼容要求的硬件性能\n宽温工作能力（-20℃- +60℃)\n全端口6KV防雷/3KV","台",2,2349.93,null,4699.86,""]
[]
["本页小计",{"$nulls":8},4699.86,""]
["分部分项工程和单价措施项目清单与计价表"]
["工程名称:",null,"三台石交安工程",{"$nulls":5},"第17页, 共21页"]
["序号","项目编码",null,"项目名称","项目特征描述","计量\n单位","工程量","金额(元)"]
[{"$nulls":7},"综合单价",null,"合价","其中"]
[{"$nulls":10},"暂估价"]
["","",null,"","隔离电源\n标准PoE供电,兼容符合IEEE802.3af/at标准的受电设备\n符合IEEE 802.3 10Base-T和IEEE 802.3u 100Base-TX， IEEE 802.3af/at标准","","","",null,"",""]
[47,30409010001,null,"网络防雷器","1、名称：信号防雷器\n2、其他： B2类慢上升率试验类型的电涌保护器，其参数为： 波形： 5/300us；\n短路电流： 50A；开路电压3KV。","个",8,201.29,null,1610.32,""]
[48,30409010002,null,"电源防雷器","1、名称：电源防雷器 I级防雷\n2、其他：1级试验的产品（波形10/350μs）,冲击电流取12.5KA，电压保护水\n平值应小于或等于2.5KV。","个",3,394.49,null,1183.47,""]
[49,30404019002,null,"自动重合漏电保护开关","1、名称：自动重合漏电保护开关\n2、工作电压： AC 160~AC250V；剩余电流测量范围：  0~1000mA；\n漏电保护时间：≤0.1s；突变剩余电流动作阀值：0~100mA（可调）；","个",1,490.42,null,490.42,""]
["本页小计",{"$nulls":8},3284.21,""]
["分部分项工程和单价措施项目清单与计价表"]
["工程名称:",null,"三台石交安工程",{"$nulls":5},"第18页, 共21页"]
["序号","项目编码",null,"项目名称","项目特征描述","计量\n单位","工程量","金额(元)"]
[{"$nulls":7},"综合单价",null,"合价","其中"]
[{"$nulls":10},"暂估价"]
["","",null,"","识别突变漏电电流周期： 100ms~2.0s；自动重合闸间隔时间： 5~3600s（可\n调） ；重合闸次数（含突变）： 0~10次","","","",null,"",""]
[50,30411004002,null,"电源线 RVV3*2.5mm2","1．名称：电源电缆\n2．型号： RVV\n3．规格：3×2.5mm2\n4．材质：铜芯","m",100,10.16,null,1016,""]
[51,30502005002,null,"六类网线","1、名称：六类网线\n2、敷设方式： 管内、暗槽内穿放","m",60,3.74,null,224.4,""]
[52,30502007002,null,"四芯光缆","1、名称：四芯光缆\n2、敷设方式： 埋地敷设","m",100,3.6,null,360,""]
[53,30411004003,null,"信号线","1．名称：信号线\n2．型号： RVSP\n3．规格：4x1mm2\n4．材质：铜芯","m",60,9.63,null,577.8,""]
[54,40205003004,null,"电子警察悬臂杆 Г-8m型\n机动车道镀锌悬臂杆","1、类型:电子警察悬臂杆\n2、材质:Q335B钢材， 八角形立杆钢材厚度6.0mm，横杆钢材厚度4.0mm\n3、规格尺寸:高6.5m，悬臂长8m\n4、基础、垫层:材料品种、C30钢筋混凝土基础，1500*1500*2000mm,含地脚螺","套",2,11632.29,null,23264.58,""]
["本页小计",{"$nulls":8},25442.78,""]
["分部分项工程和单价措施项目清单与计价表"]
["工程名称:",null,"三台石交安工程",{"$nulls":5},"第19页, 共21页"]
["序号","项目编码",null,"项目名称","项目特征描述","计量\n单位","工程量","金额(元)"]
[{"$nulls":7},"综合单价",null,"合价","其中"]
[{"$nulls":10},"暂估价"]
["","",null,"","栓、预埋线管","","","",null,"",""]
[55,30414011001,null,"接地装置调试","1、名称:接地装置调试\n2、为满足本清单工作所需的其他未描述的工作内容，详见相关规范、招标文件及图纸要求","系统/组",3,1848.07,null,5544.21,""]
[56,30507017001,null,"电子警察调试","1、名称：电子警察调试及接入交警支队平台\n2、为满足本清单工作所需的其他未描述的工作内容，详见相关规范、招标文件及图纸要","系统",1,1971.23,null,1971.23,""]
[57,30501004002,null,"硬盘\n（海康威视 HK728TAH）","1.名称：硬盘\n（海康威视 HK728TAH）\n2.规格：8TB容量，3.5英寸，SATA3.0接口，7200RPM空气盘，CMR传统磁记录，传输速率255 MB/s，流畅存储视频有效防止丢帧\nMTBF可达2,000,000小时\n高级格式（AF）512e扇区技术， 保障硬盘扇区4K对齐\n满足数据严苛的7*24小时运行可靠性、安全性的需求\n4.其他：支持5年有限质保服务","台",5,2226.19,null,11130.95,""]
["本页小计",{"$nulls":8},18646.39,""]
["分部分项工程和单价措施项目清单与计价表"]
["工程名称:",null,"三台石交安工程",{"$nulls":5},"第20页, 共21页"]
["序号","项目编码",null,"项目名称","项目特征描述","计量\n单位","工程量","金额(元)"]
[{"$nulls":7},"综合单价",null,"合价","其中"]
[{"$nulls":10},"暂估价"]
[58,30404036001,null,"存储虚拟化服务\n（授权）","1.名称：必选，视频云存储必选软件模块， 一朵云一套软件。\n2.规格：40TB，支持标准云和微视云两种部署模式。\n3.其他：含存储资源虚拟化功能， 为应用提供池化资源服务。\n4、内置容量授权模块。","套",1,2446.76,null,2446.76,""]
[59,40205004002,null,"电子监控标志牌","1.名称：电子监控标志牌\n2.规格：800×1000×3mm铝合金底板\n3.板面反光膜等级：面贴3超强级反光膜及字符\n4.其他：背面加固铝滑槽","块",2,830.99,null,1661.98,""]
["","",null,"分部分项小计","","","","",null,315796.77,""]
["","",null,"措施项目","","","","",null,"",""]
["","AQFHWMSG",null,"绿色施工安全防护措施费","","","","",null,"",""]
["","AZMJSCSF",null,"按子目计算的绿色施工安全防护措施费","","","","",null,"",""]
["","ZHJSJ",null,"综合脚手架","","","","",null,"",""]
[60,"SGXCWDHLSZDWD001",null,"施工现场围挡和临时占地围挡","","项",1,"",null,"",""]
[61,"SGWDZM001",null,"施工围档照明","","项",1,"",null,"",""]
["本页小计",{"$nulls":8},4108.74,""]
["分部分项工程和单价措施项目清单与计价表"]
["工程名称:",null,"三台石交安工程",{"$nulls":5},"第21页, 共21页"]
["序号","项目编码",null,"项目名称","项目特征描述","计量\n单位","工程量","金额(元)"]
[{"$nulls":7},"综合单价",null,"合价","其中"]
[{"$nulls":10},"暂估价"]
[62,"SGBD001",null,"施工便道","","项",1,"",null,"",""]
[63,"FCJZLSSGFHP001",null,"防尘降噪绿色施工防护棚","","项",1,"",null,"",""]
[64,"YBYL001",null,"样板引路","","项",1,"",null,"",""]
["","QTCSF",null,"其他措施项目费","","","","",null,"",""]
[65,31301010001,null,"安装与生产同时进行施工增加","","项",1,"",null,"",""]
[66,31301011001,null,"在有害身体健康环境中施工增加","","项",1,"",null,"",""]
[67,31301017001,null,"脚手架搭拆","","项",1,"",null,"",""]
[68,31302003001,null,"非夜间施工增加","","项",1,"",null,"",""]
[69,31302007001,null,"高层施工增加","","项",1,"",null,"",""]
[70,"DXGXJCJXF001",null,"地下管线交叉降效费","","项",1,"",null,"",""]
[71,31301018001,null,"其他措施","","项",1,"",null,"",""]
["","",null,"措施项目小计","","","","",null,"",""]
["本页小计",{"$nulls":8},"",""]
["合    计",{"$nulls":8},"315796.77",""]

{"sheet":"总价措施项目清单与计价表","index":4,"n_rows":19,"n_cols":11,"rows_kept":19,"merged":[[0,0,0,10],[1,0,1,1],[1,2,1,6],[1,7,1,8],[1,9,1,10],[2,1,2,2],[2,5,2,6],[3,1,3,2],[3,5,3,6],[4,1,4,2],[4,5,4,6],[5,1,5,2],[5,5,5,6],[6,1,6,2],[6,5,6,6],[7,1,7,2],[7,5,7,6],[8,1,8,2],[8,5,8,6],[9,1,9,2],[9,5,9,6],[10,1,10,2],[10,5,10,6],[11,0,11,5],[11,6,11,10],[12,0,12,10],[13,0,13,1],[13,2,13,6],[13,7,13,8],[13,9,13,10],[14,1,14,2],[14,5,14,6],[15,1,15,2],[15,5,15,6],[16,1,16,2],[16,5,16,6],[17,0,17,6],[18,0,18,5],[18,6,18,10]]}
["总价措施项目清单与计价表"]
["工程名称:",null,"三台石路仁恒星园-翠前路交翠峰路迁移交通信号灯项目",{"$nulls":4},"标段：",null,"第1页, 共2页"]
["序号","项目编码",null,"项目名称","计算基础","费率\n(%)",null,"金额\n(元)","调整费率\n(%)","调整后金额\n(元)","备注"]
["1","AQFHWMSG",null,"绿色施工安全防护措施费","","",null,"","","",""]
[1.1,"AXSJSCSXMF",null,"按系数计算的绿色施工安全防护措施费","","",null,15014.55,"","",""]
["1.1.1",31302001001,null,"按系数计算的绿色施工安全防护措施费(包括绿色施工、临时设施、安全施工和用工实名管理)","分部分项人工费+分部分项机具费",35.77,null,15014.55,"","","以分部分项工程的人工费与施工机具费之和的35.77%计算"]
["","",null,"小计","","",null,15014.55,"","",""]
[2,"QTCSF",null,"其他措施项目费","","",null,"","","",""]
[2.1,"粤031302008001",null,"赶工措施费","(1-工期系数)*(分部分项人工费+分部分项机具费)",34.4,null,"","","",""]
[2.2,31302002001,null,"夜间施工增加","夜间施工人工费",20,null,"","","","按夜间施工项目人工的20%计算"]
[2.3,"JTGCSGZJF001",null,"交通干扰工程施工增加费","","",null,"","","","在行人车辆通行的市政道路上施工所发生的施工降效费用，按在市政道路上施工项目人工费的10.00%计算（在小区内和交通全封闭的道路施工时不能计算）"]
["编制人（造价人员）：",{"$nulls":5},"复核人（造价工程师）："]
["总价措施项目清单与计价表"]
["工程名称:",null,"三台石交安工程",{"$nulls":4},"标段：",null,"第2页, 共2页"]
["序号","项目编码",null,"项目名称","计算基础","费率\n(%)",null,"金额\n(元)","调整费率\n(%)","调整后金额\n(元)","备注"]
[2.4,"粤031302009001",null,"文明工地增加费","分部分项人工费+分部分项机具费","",null,"","","","省级文明工地按2.00%计算；市级文明工地按1.00%计算"]
["","",null,"小计","","",null,"","","",""]
["合    计",{"$nulls":6},"15014.55","","",""]
["编制人（造价人员）：",{"$nulls":5},"复核人（造价工程师）："]

{"sheet":"其他项目清单与计价汇总表","index":5,"n_rows":17,"n_cols":6,"rows_kept":17,"merged":[[0,0,0,5],[1,0,1,1],[1,2,1,3],[2,1,2,2],[3,1,3,2],[4,1,4,2],[5,1,5,2],[6,1,6,2],[7,1,7,2],[8,1,8,2],[9,1,9,2],[10,1,10,2],[11,1,11,2],[12,1,12,2],[13,1,13,2],[14,1,14,2],[15,0,15,2],[16,0,16,5]]}
["其他项目清单与计价汇总表"]
["工程名称:",null,"三台石路仁恒星园-翠前路交翠峰路迁移交通信号灯项目",null,"标段：","第1页, 共1页"]
["序号","项目名称",null,"金额(元)","结算金额(元)","备注"]
["1","暂列金额",null,"","",""]
["2","暂估价",null,"","",""]
["2.1","材料暂估价",null,"","","该费用进入清单项目综合单价，此处不汇总"]
["2.2","专业工程暂估价",null,"","",""]
["3","计日工",null,"","",""]
["4","总承包服务费",null,"","",""]
["5","索赔费用",null,"","",""]
["6","现场签证费用",null,"","",""]
["7","预算包干费",null,4197.53,"","按分部分项的人工费与施工机具费之和的10.00%计算"]
["8","工程优质费",null,"","","市级质量奖按7.50%计算；省级质量奖12.50%计算；国家级质量奖20.00%计算"]
["9","消纳费",null,"","","根据“穗建造价〔2019〕53号”，建筑垃圾处置企业(单位)收取的消纳费列入其他项目费用中，按照市场、工程情况预估，列明单价与工程量"]
["10","其他费用",null,"","",""]
["总    计",null,null,"4197.53","",""]
["注：材料（设备）暂估单价进入清单项目综合单价，此处不汇总。"]

{"sheet":"规费、税金项目计价表","index":6,"n_rows":7,"n_cols":8,"rows_kept":7,"merged":[[0,0,0,7],[1,0,1,1],[1,2,1,4],[1,6,1,7],[2,1,2,2],[2,3,2,4],[3,1,3,2],[3,3,3,4],[4,1,4,2],[4,3,4,4],[5,0,5,5],[6,0,6,3],[6,4,6,7]]}
["规费、税金项目计价表"]
["工程名称:",null,"三台石路仁恒星园-翠前路交翠峰路迁移交通信号灯项目",null,null,"标段：","第1页, 共1页"]
["序号","项目名称",null,"计算基础",null,"计算基数","计算费率(%)","金额(元)"]
["1","规费",null,"",null,"","",""]
[2,"增值税销项税额",null,"税前工程造价",null,335008.85,9,30150.8]
["合    计",{"$nulls":5},"",30150.8]
["编制人（造价人员）：",{"$nulls":3},"复核人（造价工程师）："]

{"sheet":"甲供材料一览表","index":7,"n_rows":13,"n_cols":5,"rows_kept":13,"merged":[[0,0,0,4],[1,0,1,4],[12,0,12,4]]}
["三台石路仁恒星园-翠前路交翠峰路迁移交通信号灯项目-专业分包"]
["甲供材料一览表"]
["序号","材料名称","规格型号","消耗系数","备注"]
[1]
[2]
[3]
[4]
[5]
[6]
[7]
[8]
[9]
["备注：\n乙方在施工过程中使用的甲供量超过图纸使用量，超出部分由乙方自行承担"]

{"sheet":"安全文明施工措施工作清单","index":8,"n_rows":34,"n_cols":4,"rows_kept":34,"merged":[[0,0,0,3],[1,0,2,0],[1,1,2,1],[1,2,2,2],[1,3,2,3],[3,1,3,3],[4,1,4,3],[7,1,7,3],[10,1,10,3],[11,1,11,3],[13,1,13,3],[18,1,18,3],[20,1,20,3],[21,1,21,3],[23,1,23,3],[25,1,25,3],[26,1,26,3],[28,1,28,3],[30,1,30,3],[32,1,32,3]]}
["安全文明施工措施工作清单"]
["序号","项目名称","项目特征描述","备注"]
[]
["一","临时设施"]
["（1）","项目办公场所"]
["1","项目部施工总承包办公室","1.按照项目部施工总承包方办公区域管理要求自主配备相应办公设施、用电设施；\n2.按照项目部施工总承包方办公区域管理要求管理办公室内环境、卫生及安全用电；\n3.分包方按照办公室室内建筑面积   元/m2/月价格按月缴纳办公室使用费用（包含办公室使用费、税金、水电费，不含室内外办公设施、用电设备）；\n4.分包方安装使用大功率电器设备需报施工总承包方项目部管理人员审批统一后方可使用；\n5.如在使用过程中，出现违反项目部施工总承包方有关办公区域管理的有关行为，项目部施工总承包方有权收回办公室使用权，并按约定租金的双倍处罚。其他综合考虑"]
["2","项目附近租赁办公室","1.按照施工总承包方的管理要求租赁、布置办公室，符合国家、地区及施工总承包方的卫生、健康、安全、消防等管理规定；\n2.其他：综合考虑"]
["（2）","项目工人生活场所"]
["1","项目部施工总承包方临时设施","1.按照项目部施工总承包方工地生活区域管理要求自主配备相应生活设施、用电设施；\n2.按照项目部施工总承包方工地生活区域管理要求管理宿舍室内环境、卫生及安全用电；\n3.分包方按照宿舍数量   元/间/月的价格按月缴纳宿舍使用费用（包含宿舍使用费、税金、水电费，不含室内外办公设施、用电设备）；\n4.分包方安装使用大功率电器设备需报施工总承包方项目部管理人员审批统一后方可使用；\n5.如在使用过程中，出现违反项目部施工总承包方有关工地生活区域管理的有关行为，项目部施工总承包方有权收回宿舍使用权，并按约定租金的双倍处罚。其他综合考虑"]
["2","项目附近租赁生活场所","1.按照施工总承包方的管理要求租赁、布置工人生活区，符合国家、地区及施工总承包方的卫生、健康、安全、消防等管理规定；\n2.其他：综合考虑"]
["二","安全施工"]
["（1）","临边洞口作业防护"]
["1","“四口”（楼梯口、电梯口、预留洞口、通道口）、“五临边”（沟、坑,槽和深基础周边；屋面周边；楼层周边；楼梯侧边；平台或阳台边）","分包施工范围内的“四口”“五临边”按照施工总承包方的管理要求设置，具体作法参考正方建设《施工现场安全与文明施工标准化手册》2021版）。"]
["（2）","安全措施的配备"]
["1","垂直方向交叉作业防护","设置防护隔离棚或其他设施满足施工总承包方安全管理的其他要求。"]
["2","高空作业防护","有悬挂安全带的悬索或其他设施；有操作平台；有上下的梯子或其他形式的通道及满足施工总承包方安全管理的其他要求。"]
["3","保健急救措施","保健医药用品、急救用品，水上水下作业救生设备器具及满足施工总承包方安全管理的其他要求。"]
["4","施工机具的防护","施工机具防雨、防风、防沙尘的防护措施以及及满足施工总承包方安全管理的其他要求。"]
["（3）","安全教育"]
["1","安全教育","对进场作业的工人进行安全生产教育，按要求对其进行施工工序的安全交底并形成教育、交底记录以及及满足施工总承包方安全管理的其他要求。"]
["三","文明施工"]
["（1）","标识标语"]
[1,"标识标语","按照施工总承包方的管理要求按时、按位置设置施工范围内的标识标语，具体作法参考正方建设《施工现场安全与文明施工标准化手册》2021版）。"]
["（2）","材料设备堆放"]
[1,"材料设备堆放","分包材料设备堆放的堆放、材料设备的标识标牌要符合施工总承包方的管理要求，符合国家、地区及施工总承包方的安全、消防及文明施工等管理规定"]
["四","环境保护"]
["（1）","清洁卫生"]
["1","清洁卫生","在生活区、办公区、施工区产生的生活、办公及施工的分包管理人员、作业人员须按照项目部施工总承包方的管理要求，满足国家、地区及施工总承包方的卫生、健康、清洁等管理规定。"]
["（2）","垃圾清理"]
["1","垃圾清理","生活区、办公区、施工区产生的生活、办公及施工垃圾应及时清理归堆运至项目部施工总承包方的规定集中堆放地，做到工完场清。"]
["（3）","裸露场地覆盖"]
["1","绿网覆盖（含绿网）","按照项目部施工总承包方的管理要求对裸露土石方场地进行覆盖，具体作法参考正方建设《施工现场安全与文明施工标准化手册》2021版，符合国家、地区及施工总承包方的防尘、环境保护等管理规定。"]
["（4）","土方施工机械管理"]
["1","土方施工机械管理","按照项目部施工总承包方的管理要求对土方施工机械进行管理，包括不限于施工场区内、土方施工机械运输沿途的降尘及环境保护管理，符合国家、地区及施工总承包方的防尘、环境保护等管理规定。"]

{"sheet":"定额计价程序表","index":9,"n_rows":101,"n_cols":4,"rows_kept":101,"merged":[[0,0,0,3],[23,0,23,3],[24,0,24,3],[25,0,25,3],[26,0,26,3],[49,0,49,3],[50,0,50,3],[51,0,51,3],[74,0,74,3],[75,0,75,3],[77,0,77,3],[100,0,100,3],[101,0,101,3]]}
["建筑与装饰工程定额计价程序表"]
["序号","费用名称","取费基数","费率(%)"]
["1","分部分项工程费","1.1+1.2"]
["1.1","定额分部分项工程费","1.1.1+1.1.2+1.1.3+1.1.4"]
["1.1.1","人工费","分部分项人工费"]
["1.1.2","材料费","分部分项材料费+分部分项主材费+分部分项设备费"]
["1.1.3","机具费","分部分项机具费"]
["1.1.4","管理费","分部分项管理费"]
[1.2,"利润","人工费+机具费",{"v":0.2,"d":"20.00%"}]
["2","措施项目费","2.1+2.2"]
["2.1","绿色施工安全防护措施费","人工费+机具费",{"v":0.19,"d":"19.00%"}]
["2.2","其他措施项目费"]
["3","其他项目费","3.1+3.2+3.3","只计算模板"]
[3.1,"总承包服务费",null,{"v":0,"d":"0.00%"}]
[3.2,"预算包干费","人工费+机具费",{"v":0.07,"d":"7.00%"}]
[3.3,"工程优质费",null,"按合同相关条款执行"]
["4","税前工程造价","1+2+3"]
[5,"下浮工程造价","4*浮动率","详见清单编制说明"]
[6,"增值税销项税额","5*税率",{"v":0.09,"d":"9.00%"}]
[7,"含税工程造价","5+6"]
[8,"独立费"]
[9,"甲供材料超领扣款",null,"按合同相关条款执行"]
[10,"工程造价总计","7+8-9"]
["注：1、如施工期间，政府相关费率调整，则上述税率相应调整："]
[]
[]
["安装工程定额计价程序表"]
["序号","费用名称","取费基数","费率(%)"]
["1","分部分项工程费","1.1+1.2"]
["1.1","定额分部分项工程费","1.1.1+1.1.2+1.1.3+1.1.4"]
["1.1.1","人工费","分部分项人工费"]
["1.1.2","材料费","分部分项材料费+分部分项主材费+分部分项设备费"]
["1.1.3","机具费","分部分项机具费"]
["1.1.4","管理费","分部分项管理费"]
[1.2,"利润","人工费+机具费",{"v":0.2,"d":"20.00%"}]
["2","措施项目费","2.1+2.2"]
["2.1","绿色施工安全防护措施费","人工费+机具费",{"v":0.3577,"d":"35.77%"}]
["2.2","其他措施项目费",null,"只计算模板"]
["3","其他项目费","3.1+3.2+3.3"]
[3.1,"总承包服务费",null,{"v":0,"d":"0.00%"}]
[3.2,"预算包干费","人工费+机具费",{"v":0.1,"d":"10.00%"}]
[3.3,"工程优质费",null,"按合同相关条款执行"]
["4","税前工程造价","1+2+3"]
[5,"下浮工程造价（甲供、甲定价材料除外）","4*浮动率","详见清单说明规定"]
[6,"增值税销项税额","5*税率",{"v":0.09,"d":"9.00%"}]
[7,"含税工程造价","5+6"]
[8,"独立费"]
[9,"甲供材料超领扣款",null,"按合同相关条款执行"]
[10,"工程造价总计","7+8-9"]
["注：1、如施工期间，政府相关费率调整，则上述税率相应调整："]
[]
["市政工程计价程序表"]
["序号","费用名称","计算基础","费率"]
["1","分部分项工程费","1.1+1.2"]
["1.1","定额分部分项工程费","1.1.1+1.1.2+1.1.3+1.1.4"]
["1.1.1","人工费","分部分项人工费"]
["1.1.2","材料费","分部分项材料费+分部分项主材费+分部分项设备费"]
["1.1.3","机具费","分部分项机具费"]
["1.1.4","管理费","分部分项管理费"]
[1.2,"利润","人工费+机具费",{"v":0.15,"d":"15.00%"}]
["2","措施项目费","2.1+2.2"]
["2.1","绿色施工安全防护措施费","人工费+机具费","单独场地平整工程4.35%；道路、管网工程16.5%；桥梁、隧道、水处理构筑物工程14.5%。"]
["2.2","其他措施项目费",null,"只计算模板"]
["3","其他项目费","3.1+3.2+3.3"]
[3.1,"总承包服务费",null,{"v":0,"d":"0.00%"}]
[3.2,"预算包干费","人工费+机具费",{"v":0.06,"d":"6.00%"}]
[3.3,"工程优质费",null,"按合同相关条款执行"]
["4","税前工程造价","1+2+3"]
[5,"下浮工程造价（甲供、甲定价材料除外）","4*浮动率","详见清单说明规定"]
[6,"增值税销项税额","5*税率",{"v":0.09,"d":"9.00%"}]
[7,"含税工程造价","5+6"]
[8,"独立费"]
[9,"甲供材料超领扣款",null,"按合同相关条款执行"]
[10,"工程造价总计","7+8-9"]
["注：1、如施工期间，政府相关费率调整，则上述税率相应调整："]
["2、分部分项工程总费用在300万元以内（含300万元）的项目绿色施工安全防护措施费按基准费率乘以1.2。"]
[]
["园林绿化工程计价程序表"]
["序号","费用名称","计算基础","费率"]
["1","分部分项工程费","1.1+1.2"]
["1.1","定额分部分项工程费","1.1.1+1.1.2+1.1.3+1.1.4"]
["1.1.1","人工费","分部分项人工费"]
["1.1.2","材料费","分部分项材料费+分部分项主材费+分部分项设备费"]
["1.1.3","机具费","分部分项机具费"]
["1.1.4","管理费","分部分项管理费"]
[1.2,"利润","人工费+机具费",{"v":0.15,"d":"15.00%"}]
["2","措施项目费","2.1+2.2"]
["2.1","绿色施工安全防护措施费","人工费+机具费",{"v":0.1,"d":"10.00%"}]
["2.2","其他措施项目费",null,"/"]
["3","其他项目费","3.1+3.2+3.3"]
[3.1,"总承包服务费",null,{"v":0,"d":"0.00%"}]
[3.2,"预算包干费","人工费+机具费",{"v":0.06,"d":"6.00%"}]
[3.3,"工程优质费",null,"按合同相关条款执行"]
["4","税前工程造价","1+2+3"]
[5,"下浮工程造价（甲供、甲定价材料除外）","4*浮动率","详见清单说明规定"]
[6,"增值税销项税额","5*税率",{"v":0.09,"d":"9.00%"}]
[7,"含税工程造价","5+6"]
[8,"独立费"]
[9,"甲供材料超领扣款",null,"按合同相关条款执行"]
[10,"工程造价总计","7+8-9"]
["注：1、如施工期间，政府相关费率调整，则上述税率相应调整："]